000 00248nam a2200097Ia 4500
008 231107s2016 xx 000 0 und d
041 _aeng
100 _aVogt Floyd
245 _aCarpentry 5th ed.
260 _aAustralia
_bDelmar Cengage Learning
_c2016
999 _c930434
_d930434